000 02108nam0a2200361 4500
001 RU\NLR\bibl\1731781
005 20260405195633.0
010 _a978-5-7765-0847-9
_9200
021 _aRU
_b2011-19
_92
035 _a(nilc)RSL-KNO-004876849
035 _a(NLR Aleph) 001722728
090 _a1350017
_c1350017
100 _a20110204d2010 |||y0rusy50 ca
101 0 _arus
102 _aRU
105 _ay |||||||||
200 1 _aБанковская, финансовая статистика
_eучебное пособие для студентов, обучающихся по специальности "Финансы и кредит"
_fИ. Е. Иванова
_gМ-во образования и науки Российской Федерации, Федеральное агентство по образованию, Гос. образовательное учреждение высш. проф. образования "Комсомольский-на-Амуре гос. технический ун-т"
205 _a2-е, перераб. и доп.
210 _aКомсомольск-на-Амуре
_cКомсомольский-на-Амуре гос. технический ун-т
_d2010
215 _a100 с.
_cтабл.
_d20
320 _aБиблиогр.: с. 100
606 1 _aФинансовая статистика
_jУчебные издания для высших учебных заведений
_yРоссийская Федерация
_92430330
_3RU\NLR\AUTH\6601664877
606 1 _aБанковская статистика
_jУчебные издания для высших учебных заведений
_yРоссийская Федерация
_92434389
_3RU\NLR\AUTH\6601666832
686 _aУ051.9(2)26я73
686 _aУ051.9(2)262.10я73
700 1 _4070
_7ca
_8rus
_aИванова
_bИ. Е.
_cэкономист
_gИрина Евгеньевна
_970223
_3RU\NLR\auth\7787295
801 0 _aRU
_bRuMoRGB
_c20110128
_grcr
801 1 _aRU
_bRuMoRGB
_c20110128
801 2 _aRU
_bNLR
_c20110204
_grcr
942 _cBOOK
980 _aNB